| 000 | 00937nam a22002177a 4500 | ||
|---|---|---|---|
| 999 |
_c1850 _d1850 |
||
| 003 | AR-CdUCM | ||
| 008 | 190228b ||||| |||| 00| 0 spa d | ||
| 040 |
_aMUNICIPALIDAD PROVINCIAL DEL CUSCO _cBIBLIOTECA MUNICIPAL DEL CUSCO |
||
| 082 |
_21ra. ed. _a111.85 / _bA55 |
||
| 110 |
_aUniversidad Nacional Autonoma de Mexico _96778 |
||
| 245 |
_aAnales del Instituto de Investigaciones Esteticas / _cUniversidad Nacional Autonoma de Mexico |
||
| 260 |
_aMexico : _bUniversidad Nacional Autonoma de Mexico , _c1962. |
||
| 300 |
_a167 paginas : _c23 cm. |
||
| 505 | _aEstetica "desde arriba" -- Artificio del Arte -- La Tumba de Alejandria -- La Catedral de Puno -- La novela en la Nueva EspaƱa -- Frasncisco Gonzales Bocanegra... | ||
| 650 |
_aEstetica y Belleza. _96779 |
||
| 650 |
_aArte. _9561 |
||
| 650 |
_aRealismo. _9520 |
||
| 700 |
_aUniversidad Nacional Autonoma de Mexico _96780 |
||
| 942 |
_2ddc _cLIBROS |
||
| 945 |
_artm _d2019-02-28 |
||